| Поле | Инд. | ПП | Название | Значение |
|---|---|---|---|---|
| Тип записи | a | |||
| Библиографический уровень | b | |||
| 001 | Контрольный номер | a8633950140c4fd982bcaeeebf8ba7d6 | ||
| 005 | Дата корректировки | 20220405173303.1 | ||
| 024 | 80 | a | Стандартный номер | DOI: 10.1107/S1600576716020045 |
| 040 | a | Служба первич. каталог. | РИНЦ | |
| b | Код языка каталог. | rus | ||
| 041 | 0_ | a | Код языка текста | Английский |
| 097 | a | Ануфриева Г.Ю. | ||
| 100 | 1_ | a | Автор | Balagurov A. M. |
| c | Титул (звания) | профессор; доктор физико-математических наук | ||
| g | Прочие сведения | РИНЦ AuthorID: 307 (http://elibrary.ru/author_profile.asp?id= 307); SPIN-код: 9097-4000 (http://elibrary.ru/author_items.asp?authorid=307); Scopus Author ID: 7006758479 (https://www.scopus.com/authid/detail.uri?origin=resultslist&authorId=7006758479&zone=) | ||
| i | 100093204 | |||
| k | Кафедра нанотехнологий и новых материалов; Факультет естественных и инженерных наук | |||
| q | Полное имя | Балагуров Анатолий Михайлович | ||
| u | Дополнение | Балагуров А. М.; Balagurov Anatoly M. | ||
| 100 | 1_ | a | Автор | Bobrikov I. A. |
| 100 | 1_ | a | Автор | Sumnikov S. V. |
| 100 | 1_ | a | Автор | Golovin I. S. |
| 100 | 1_ | a | Автор | Palacheva V. V. |
| 100 | 1_ | a | Автор | Zlokazov V. B. |
| 245 | 10 | a | Заглавие | Comparative study of structural phase transitions in bulk and powdered fe-27ga alloy by real-time neutron thermodiffractometry |
| 773 | 18 | t | Название источника | Journal of Applied Crystallography |
| b | Сведения об издании | John Wiley & Sons, Inc. | ||
| c | Дания | |||
| d | Место и дата издания | 2017 | ||
| m | Специф. данные | входит в Scopus; входит в WoS; входит в ядро РИНЦ | ||
| n | Примечание | https://elibrary.ru/title_about.asp?id=18405 | ||
| x | ISSN | 0021-8898 | ||
| g | Прочая информация | V. 50. - № 1. - P. 198 - 210 | ||
| w | Контрольный № источника | b07f0e707e8742deb52c92357f4253f6 | ||
| 856 | 40 | u | URL | https://elibrary.ru/item.asp?id=29478032 |
| 901 | t | Тип документа | b | |
| 952 | c | Вид литературы | статья в журнале |